Регионална библиотека "Любен Каравелов" - Русе

Познаваме ли всички животни (Запис номер 128843)

MARC детайли
000 -Лидер
Контролно поле с фиксирана дължина 01201nam a2200325 c 4500
003 - Код на организацията, давaща контролен номер
Контролно поле BLK
005 - Дата и час на последна редакция
Контролно поле 20180422111354.0
008 - Елементи от данни с фиксирана дължина
fixed length control field 180409b bul|||||r ||||||| ||bul||
010 ## - Наследен системен номер
LC control number KNG00134574000
040 ## - Източник на каталожния запис
Идентификатор на билиотеката - собственик на записа BLK
041 ## - Код за език
Код за езика на текст/звукозапис или на отделно заглавие Български
Код за езика КДБФ Български
080 ## - УДК
Текстов определител УДК Зоология. Вж и 636
УДК код - определител по УДК 59
УДК определител (02.062)
УДК - код + определител 59(02.062)
100 1# - Редна дума - Автор
Автор Божков, Димо Кирилов
Авторска отговорност първи автор
R(LIN) 364136
139 ## - Редно поле
Редна дума Божков, Димо Кирилов
Авторски знак Божк - Б 57
245 10 - Сведения за заглавието
Заглавие Познаваме ли всички животни
Подзаглавни данни Науч.-попул. очерк
Редно поле (дума) Димо Кирилов Божков; худож. Огнян Мирчев.
257 ## - Страна на издаване
Страна на създаване/издаване България
260 ## - Област на издателските данни
-- София
Име на издателя, разпространителя и проч. Нар. младеж
Година на издаване 1962
300 ## - Физическа характеристика
Страници 54 с.
Илюстрации и др. с ил., 4 л. ил.
Размери/Мащаб 25 см
380 ## - Жанр
Жанр Естествени науки. Математика
490 1# - СЕРИИ (Колекции)
Име на серия Животът около нас
500 ## - Общи забележки
Забележка 5 100 тир.
650 #4 - Допълнително описание по предмет – тема
Основно описание – тема или топоним Животни
9 (RLIN) 155466
653 ## - Ключова дума – ненормативна
Ключова дума животни
700 1# - Други автори (авторска отговорност)
Лично име Мирчев, Огнян
Автороска отговорност (Описва отношението между автора и произведението) худож.
9 (RLIN) 307742
852 ## - Местоположение
Форматна сигнатура Цб 24812
856 4# - Електронен адрес и достъп
Електронен формат pdf - файл
Път до файла /url/
856 4# - Електронен адрес и достъп
Електронен формат pdf - файл
Път до файла /url/
942 ## - АРТИКУЛИ
Вид на библиотечния материал Книги
Скрит в OPAC Не
944 ## - СЪЗДАВАНЕ И РЕДАКЦИЯ на ЗАПИСА
Създаване/Редакция Създаване
Дата на регистрацията/редакция 06.10.2012
Статус, дата на статуса 06.10.2012 - от С1,Р / 06.10.2012
Служител, извършил регистрацията/редакцията Елица_Владова
944 ## - СЪЗДАВАНЕ И РЕДАКЦИЯ на ЗАПИСА
Създаване/Редакция Редакция
Дата на регистрацията/редакция 06.10.2012
Статус, дата на статуса 06.10.2012 - от С1,Р / 06.10.2012
Служител, извършил регистрацията/редакцията
999 ## - СИСТЕМНИ КОНТРОЛНИ НОМЕРА
Koha biblionumber 128843
Koha biblioitemnumber 128843
Наличности
Код за отписване Код за изгубен артикул Източник на класификационната схема Код за повреда Коз за рестрикции Код за отдаване Артикулен № Име на библиотеката - собственик Име на библиотеката, в която се намира в момента Статус (Текущо местоположение) Дата на вписване в системата Местоположение - отдел Цена в лева Инвентарен номер Систематично азбучна сигнатура Баркод Номер на екземпляра Цена в евро Служебна бележка Служебен тип на артикула
  Не е изгубен Universal Decimal Classification Не е повреден без рестрикции ползва се в читалня 209376 Регионална библиотека "Любен Каравелов" Русе Регионална библиотека "Любен Каравелов" Русе Хранилище 1962-01-01 Хранилище 0.27 18449/62 Цб 24812 900000090162 1 0.14 N: стар фонд Дата: 01.01.1962 Книги
Изтеглен Не е изгубен Universal Decimal Classification Не е повреден без рестрикции заемане за дома 209377 Регионална библиотека "Любен Каравелов" Русе Регионална библиотека "Любен Каравелов" Русе Заемна - подръчен фонд 1962-01-01 Заемна - подръчен фонд 0.00 18896/62 П 59/Б 57 18896/62 2 0.00 N: стар фонд Дата: 01.01.1962 Книги
Изтеглен Не е изгубен Universal Decimal Classification Не е повреден без рестрикции заемане за дома 209378 Регионална библиотека "Любен Каравелов" Русе Регионална библиотека "Любен Каравелов" Русе Заемна - подръчен фонд 1962-01-01 Заемна - подръчен фонд 0.00 18899/62 П 59/Б 57 18899/62 3 0.00 N: стар фонд Дата: 01.01.1962 Книги
Изтеглен Не е изгубен Universal Decimal Classification Не е повреден без рестрикции заемане за дома 209379 Регионална библиотека "Любен Каравелов" Русе Регионална библиотека "Любен Каравелов" Русе Заемна - подръчен фонд 1962-01-01 Заемна - подръчен фонд 0.00 18900/62 П 59/Б 57 18900/62 4 0.00 N: стар фонд Дата: 01.01.1962 Книги
Изтеглен Не е изгубен Universal Decimal Classification Не е повреден без рестрикции заемане за дома 209380 Регионална библиотека "Любен Каравелов" Русе Регионална библиотека "Любен Каравелов" Русе Заемна - подръчен фонд 1962-01-01 Заемна - подръчен фонд 0.00 18911/62 П 59/Б 57 18911/62 5 0.00 N: стар фонд Дата: 01.01.1962 Книги
Vip Innovations Ltd, Rousse, Bulgaria 2025